000 00255nam a2200097Ia 4500
001 1188086
005 20250827021024.0
008 250824s9999 xx 000 0 und d
245 0 _aKORKUSUZ KAHRAMANLAR AYKANAT SARE
_cRABİA TUNÇ
260 _bCARPEDİEM
999 _c1188086
_d1188086